'#' Movies by Picture Quiz Stats

 Plays Quiz Updated Jun 20, 2013

Challenge
Share
Tweet
Score 0/24 Timer 06:00
5 Plays Today
Grid Location Movie % Correct
300
92.5%
101 Dalmatians
91.8%
The 40 Year Old Virgin
87.1%
8 Mile
74.4%
13 Going on 30
66.5%
127 Hours
62.1%
10 Things I Hate About You
53.2%
(500)Days of Summer
50.9%
21
49.9%
9 to 5
48.1%
12 Monkeys
46.8%
3:10 to Yuma
40.3%
Grid Location Movie % Correct
17 Again
39.5%
2 Fast 2 Furious
39.4%
48 Hrs.
38.8%
2001: A Space Odyssey
36.9%
3 Ninjas
33.3%
12 Angry Men
32%
10,000 B.C.
26.4%
28 Weeks Later
15.8%
30 Days of Night
15%
8MM
12.5%
25th Hour
11.7%
88 Minutes
11.3%

You're not logged in!

Compare scores with friends on all Sporcle quizzes.
Join for Free
OR
Log In

You Might Also Like...

Show Comments

Extras

Top Quizzes Today


Score Distribution

Your Account Isn't Verified!

In order to create a playlist on Sporcle, you need to verify the email address you used during registration. Go to your Sporcle Settings to finish the process.

Report this User

Report this user for behavior that violates our Community Guidelines.

Details: